| 000 | 00623nam a2200229Ia 4500 | ||
|---|---|---|---|
| 003 | OSt | ||
| 005 | 20221007071111.0 | ||
| 006 | a|||||r|||| 00| 0 | ||
| 007 | ta | ||
| 008 | 221006b |||||||| |||| 00| 0 eng d | ||
| 024 | _a27,275 | ||
| 037 | _cTextual | ||
| 040 |
_aFLL _cFLL _beng |
||
| 041 |
_2eng _aeng |
||
| 082 | _aZ58,9287, L5 | ||
| 100 |
_aFeldbrugge F. J.M. Ed. _9688128 |
||
| 245 | 0 | _aCodification in the communist world | |
| 260 |
_aLeiden _bA. W. Sijthoff _c1975 |
||
| 300 |
_axv,353p _ccm. |
||
| 942 |
_hZ58,9287, L5 _cTEXL _2CC |
||
| 999 |
_c1142451 _d1142451 |
||